[Event "GER-ch 69th"]
[Site "Gladenbach"]
[Date "1997.11.18"]
[Round "2"]
[White "Schmaltz, Roland"]
[Black "Wahls, Matthias"]
[Result "1/2-1/2"]
[WhiteElo "2445"]
[BlackElo "2595"]
[EventDate "1997.11.17"]
[PlyCount "94"]

1. e4 d5 2. exd5 Qxd5 3. Nc3 Qa5 4. g3 Nf6 5. Bg2 c6 6. Nf3 Bf5 7. O-O e6 8. d3 Nbd7 9. a4 Bb4 10. Bd2 O-O 11. Nd4 Bg4 12. f3 Bh5 13. Nb3 Qb6+ 14. Kh1 a5 15. g4 Bg6 16. f4 Rfe8 17. Qf3 Qc7 18. Be1 Nb6 19. Bh4 Nbd7 20. Bg3 Qd8 21. Ne4 Be7 22. Rad1 h6 23. Nbd2 Bh7 24. Nc4 Rf8 25. f5 Nb6 26. Ned6 Nxc4 27. dxc4 Qb6 28. b3 exf5 29. Nxf5 Bxf5 30. Qxf5 Qc5 31. Qf3 Rad8 32. Rde1 Rde8 33. Re5 Qd4 34. g5 hxg5 35. Rxg5 Nh7 36. Rxa5 g6 37. Qf2 Qd7 38. Re5 Bb4 39. Rxe8 Rxe8 40. Qb6 Bc3 41. a5 Ra8 42. Qc7 Nf8 43. Qxd7 Nxd7 44. Rd1 Rxa5 45. Bxc6 bxc6 46. Rxd7 Ra1+ 47. Kg2 Rc1 1/2-1/2

[Event "GER-ch 69th"]
[Site "Gladenbach"]
[Date "1997.11.18"]
[Round "2"]
[White "Schwing, Hans Elmar"]
[Black "Dobierzin, Olaf"]
[Result "1-0"]
[WhiteElo "2315"]
[BlackElo "2180"]
[EventDate "1997.11.17"]
[PlyCount "101"]

1. d4 Nf6 2. c4 g6 3. g3 Bg7 4. Bg2 O-O 5. Nc3 d6 6. Nf3 Nbd7 7. O-O e5 8. e4 exd4 9. Nxd4 Re8 10. h3 Nc5 11. Re1 Bd7 12. Bf4 Qc8 13. Kh2 a5 14. b3 Ne6 15. Be3 Re7 16. Qd2 Nxd4 17. Bxd4 Bc6 18. Rac1 Qd7 19. Nd5 Bxd5 20. cxd5 Qe8 21. f3 b6 22. Bf1 a4 23. b4 a3 24. Rc2 Qa4 25. Rec1 Ra7 26. Rc4 Qd7 27. Rc6 Ne8 28. h4 Bxd4 29. Qxd4 Qd8 30. R6c2 Qd7 31. f4 f6 32. Bh3 f5 33. Re1 Qa4 34. Rce2 Qb5 35. Re3 Ra4 36. exf5 Rxb4 37. Qxb4 Qxb4 38. Rxe7 Nf6 39. fxg6 hxg6 40. Be6+ Kh8 41. Re2 Qc4 42. Rg2 b5 43. Rf7 Qc3 44. Rf8+ Kg7 45. Rf7+ Kh8 46. f5 Ng4+ 47. Kh3 Ne5 48. Re7 g5 49. hxg5 Qf3 50. Rh2 Ng4 51. g6 1-0

[Event "GER-ch 69th"]
[Site "Gladenbach"]
[Date "1997.11.18"]
[Round "2"]
[White "Seger, Ruediger"]
[Black "Kindermann, Stefan"]
[Result "1/2-1/2"]
[WhiteElo "2340"]
[BlackElo "2570"]
[EventDate "1997.11.17"]
[PlyCount "103"]

1. e4 e6 2. d4 d5 3. Nd2 Nf6 4. e5 Nfd7 5. c3 c5 6. Bd3 Nc6 7. Ne2 cxd4 8. cxd4 Qb6 9. Nf3 f6 10. exf6 Nxf6 11. O-O Bd6 12. Nc3 O-O 13. a3 Bd7 14. b4 Be8 15. Na4 Qc7 16. Nc5 Bxc5 17. bxc5 Bh5 18. Be2 Ne4 19. Bb2 Qf4 20. Bc1 Qf6 21. Bb2 Bxf3 22. Bxf3 Nxc5 23. Rc1 Nd7 24. Qd2 Nb6 25. Be2 a6 26. Ba1 Nc8 27. a4 Nd6 28. f3 Qf4 29. Rfd1 Qxd2 30. Rxd2 Na5 31. Rb2 Rfc8 32. Rc5 b5 33. axb5 axb5 34. Bxb5 Nac4 35. Rxc8+ Rxc8 36. Bd7 Kf7 37. Re2 Rb8 38. Bxe6+ Kf6 39. Kf2 Rb1 40. Bc3 Ne4+ 41. fxe4 Kxe6 42. exd5+ Kxd5 43. Re7 Rb3 44. Be1 g6 45. Rxh7 Kxd4 46. Rg7 Ne5 47. Ba5 Ke4 48. h3 Kf5 49. Bc7 Nd3+ 50. Kg1 Kf6 51. Rg8 Nc5 52. Rb8 1/2-1/2

[Event "GER-ch 69th"]
[Site "Gladenbach"]
[Date "1997.11.18"]
[Round "2"]
[White "Slobodjan, Roman"]
[Black "Zude, Arno"]
[Result "1/2-1/2"]
[WhiteElo "2550"]
[BlackElo "2395"]
[EventDate "1997.11.17"]
[PlyCount "113"]

1. e4 e5 2. Nf3 Nc6 3. Nc3 Nf6 4. g3 Bc5 5. Bg2 d6 6. d3 a6 7. O-O O-O 8. Be3 Nd4 9. Bxd4 exd4 10. Ne2 Bg4 11. Qd2 Bxf3 12. Bxf3 Re8 13. Nf4 Qd7 14. a3 c6 15. Rfe1 Re7 16. Re2 Rae8 17. Rae1 h6 18. h4 b5 19. Nh5 Nxh5 20. Bxh5 Re5 21. Bf3 Bb6 22. Bg2 c5 23. c3 dxc3 24. bxc3 R5e7 25. Qb2 Ba5 26. Bf3 d5 27. exd5 Rxe2 28. Rxe2 Rxe2 29. Bxe2 Qxd5 30. c4 bxc4 31. dxc4 Qe5 32. Bf1 Bc7 33. Qd2 Qe6 34. h5 Qd6 35. Qe2 g6 36. hxg6 Qxg6 37. Bg2 Qe6 38. Be4 Be5 39. Bd5 Qf5 40. Kg2 Kg7 41. Bb7 a5 42. Be4 Qe6 43. Bd5 Qf5 44. a4 Bd4 45. Qd2 Qf6 46. Bf3 Qf5 47. Bd5 Qf6 48. Qe1 h5 49. f4 h4 50. Qxa5 Qg6 51. Qe1 Qc2+ 52. Kh3 Qf5+ 53. Kg2 Qc2+ 54. Kf3 Qxa4 55. gxh4 Qb3+ 56. Kg4 Qe3 57. Qxe3 1/2-1/2

[Event "GER-ch 69th"]
[Site "Gladenbach"]
[Date "1997.11.18"]
[Round "2"]
[White "Teske, Henrik"]
[Black "Kersten, Uwe"]
[Result "1-0"]
[WhiteElo "2515"]
[BlackElo "2330"]
[EventDate "1997.11.17"]
[PlyCount "63"]

1. c4 Nf6 2. Nc3 c5 3. g3 e6 4. Nf3 b6 5. Bg2 Bb7 6. O-O Be7 7. Re1 d6 8. e4 a6 9. d4 cxd4 10. Nxd4 Qc7 11. Be3 O-O 12. Rc1 Nbd7 13. b3 Rac8 14. f4 Qb8 15. Bf2 Qa8 16. g4 Nc5 17. Qe2 g6 18. b4 Ncd7 19. f5 e5 20. Nd5 Nxd5 21. exd5 Bg5 22. Nc6 Bxc1 23. Ne7+ Kh8 24. Nxc8 Rxc8 25. Rxc1 b5 26. fxg6 hxg6 27. Qf3 Kg8 28. c5 dxc5 29. bxc5 e4 30. Qxe4 Nf6 31. Qe5 Nxd5 32. Bd4 1-0

[Event "GER-ch 69th"]
[Site "Gladenbach"]
[Date "1997.11.19"]
[Round "3"]
[White "Bischoff, Klaus"]
[Black "Hennings, Artur"]
[Result "1-0"]
[WhiteElo "2535"]
[BlackElo "2320"]
[EventDate "1997.11.17"]
[PlyCount "81"]

1. e4 e5 2. Nf3 Nc6 3. Bb5 a6 4. Ba4 Nf6 5. d3 b5 6. Bb3 Be7 7. Nbd2 d6 8. c3 O-O 9. Nf1 h6 10. Ng3 Re8 11. O-O Bf8 12. Re1 Bd7 13. h3 Na5 14. Bc2 c5 15. d4 cxd4 16. cxd4 Qc7 17. b3 Rac8 18. Re2 Nc6 19. Bb2 g6 20. Qd2 exd4 21. Nxd4 Bg7 22. Rd1 Nxd4 23. Bxd4 Re6 24. b4 Ne8 25. Bxg7 Kxg7 26. Bb3 Re5 27. f4 Qb6+ 28. Kh2 Re7 29. Rf1 Be6 30. f5 Bc4 31. fxg6 fxg6 32. Qc3+ Kh7 33. Rf8 Rg7 34. Ref2 Qc7 35. e5 Bxb3 36. Qxb3 Qe7 37. e6 d5 38. Nh5 Qxe6 39. Nxg7 Nxg7 40. Rxc8 Qxc8 41. Qxd5 1-0

[Event "GER-ch 69th"]
[Site "Gladenbach"]
[Date "1997.11.19"]
[Round "3"]
[White "Bode, Wilfried"]
[Black "Schwing, Hans Elmar"]
[Result "1/2-1/2"]
[WhiteElo "2400"]
[BlackElo "2315"]
[EventDate "1997.11.17"]
[PlyCount "43"]

1. c4 Nf6 2. Nc3 e5 3. e3 Bb4 4. Nge2 O-O 5. a3 Bxc3 6. Nxc3 Re8 7. Be2 d6 8. O-O Nc6 9. b3 Bf5 10. f4 Qd7 11. Bb2 Rad8 12. e4 Bxe4 13. fxe5 Rxe5 14. Nxe4 Nxe4 15. d3 Ng5 16. Bxe5 dxe5 17. Qe1 Nd4 18. Bd1 f6 19. Qe3 Nc6 20. Be2 Ne6 21. Bg4 Qd6 22. Bxe6+ 1/2-1/2

[Event "GER-ch 69th"]
[Site "Gladenbach"]
[Date "1997.11.19"]
[Round "3"]
[White "Gietl, Thomas"]
[Black "Oswald, Hans Joachim"]
[Result "1-0"]
[WhiteElo "2300"]
[BlackElo "2330"]
[EventDate "1997.11.17"]
[PlyCount "73"]

1. e4 d5 2. Nc3 d4 3. Nce2 Nf6 4. e5 Ng4 5. f4 h5 6. Nf3 c5 7. Ng3 h4 8. Ne4 e6 9. Nfg5 Nh6 10. Qh5 Be7 11. Bc4 Kf8 12. O-O g6 13. Qxh4 Kg7 14. d3 Nc6 15. Bd2 Nb4 16. Bxb4 cxb4 17. g4 Nf5 18. Qf2 Ne3 19. Qf3 Nxf1 20. Rxf1 Rf8 21. Qh3 Rh8 22. Qf3 Rf8 23. Qg3 f6 24. f5 fxg5 25. f6+ Kg8 26. Qh3 Bxf6 27. Nxf6+ Rxf6 28. exf6 Qf8 29. f7+ Kg7 30. Qg3 e5 31. Qxe5+ Kh6 32. Qxd4 b5 33. Bd5 Rb8 34. Rf3 Bxg4 35. Qxg4 Qc5+ 36. d4 Qxd5 37. f8=Q+ 1-0

[Event "GER-ch 69th"]
[Site "Gladenbach"]
[Date "1997.11.19"]
[Round "3"]
[White "Gutman, Lev"]
[Black "Schaller, Sven"]
[Result "1-0"]
[WhiteElo "2475"]
[BlackElo "2315"]
[EventDate "1997.11.17"]
[PlyCount "82"]

1. Nf3 c6 2. c4 d6 3. g3 e5 4. Bg2 Nf6 5. O-O Be7 6. Nc3 a6 7. d4 Qc7 8. h3 Nbd7 9. Qc2 b5 10. dxe5 dxe5 11. Nh4 b4 12. Ne4 Nc5 13. Nxc5 Bxc5 14. Bg5 Nh5 15. Qe4 h6 16. Be3 Bxe3 17. Qxc6+ Qxc6 18. Bxc6+ Ke7 19. Bxa8 Bc5 20. Kg2 Nf6 21. Nf3 e4 22. Nd2 e3 23. fxe3 Bxe3 24. Ne4 Bd4 25. Nxf6 Bxf6 26. Bd5 Be6 27. Bxe6 Kxe6 28. Rab1 Rd8 29. Rfd1 Rxd1 30. Rxd1 Bxb2 31. Rd5 Bc3 32. Ra5 Kd6 33. Kf3 Kc6 34. Rxa6+ Kc5 35. Ke4 Kxc4 36. Rc6+ Kb5 37. Rc7 f6 38. Kd3 f5 39. Rb7+ Kc6 40. Rf7 Be5 41. Kc4 Bxg3 1-0

[Event "GER-ch 69th"]
[Site "Gladenbach"]
[Date "1997.11.19"]
[Round "3"]
[White "Heinemann, Thies"]
[Black "Slobodjan, Roman"]
[Result "1/2-1/2"]
[WhiteElo "2450"]
[BlackElo "2550"]
[EventDate "1997.11.17"]
[PlyCount "89"]

1. e4 e5 2. Nf3 Nc6 3. Bc4 Nf6 4. Ng5 d5 5. exd5 Na5 6. Bb5+ c6 7. dxc6 bxc6 8. Be2 h6 9. Nh3 Bc5 10. d3 O-O 11. O-O Nd5 12. Nc3 Nxc3 13. bxc3 Qh4 14. Be3 Bxe3 15. fxe3 Bxh3 16. gxh3 Qxh3 17. Bf3 Qd7 18. Qe1 f5 19. c4 Nb7 20. Qc3 Rae8 21. Bg2 Rf6 22. Rab1 Nd8 23. Rf2 f4 24. Re1 Nf7 25. Qd2 g5 26. Qe2 Rf8 27. exf4 exf4 28. h3 Kg7 29. c3 c5 30. Qe4 Rd8 31. Bf1 Nd6 32. Qe7+ Qxe7 33. Rxe7+ Rf7 34. Re5 Rc8 35. Bg2 Nf5 36. Bd5 Rf6 37. Rb2 Rc7 38. Rb8 Ne7 39. Be4 Ra6 40. Rb7 Rxb7 41. Bxb7 Ng6 42. Rxc5 Rxa2 43. Rc7+ Kf6 44. Rc6+ Kg7 45. Rc7+ 1/2-1/2

[Event "GER-ch 69th"]
[Site "Gladenbach"]
[Date "1997.11.19"]
[Round "3"]
[White "Keitlinghaus, Ludger"]
[Black "Holzhaeuer, Mathias"]
[Result "1/2-1/2"]
[WhiteElo "2525"]
[BlackElo "2355"]
[EventDate "1997.11.17"]
[PlyCount "33"]

1. e4 d5 2. exd5 Nf6 3. d4 Nxd5 4. Nf3 Bg4 5. h3 Bh5 6. c4 Nb6 7. Nc3 e6 8. Be3 Bb4 9. Qb3 Nc6 10. Be2 O-O 11. a3 Be7 12. g4 Bg6 13. d5 Na5 14. Qb5 Nbxc4 15. Bxc4 c6 16. dxc6 a6 17. Bb6 1/2-1/2

[Event "GER-ch 69th"]
[Site "Gladenbach"]
[Date "1997.11.19"]
[Round "3"]
[White "Kindermann, Stefan"]
[Black "Bastian, Herbert"]
[Result "1/2-1/2"]
[WhiteElo "2570"]
[BlackElo "2375"]
[EventDate "1997.11.17"]
[PlyCount "60"]

1. e4 e5 2. Nf3 Nc6 3. Bb5 Nf6 4. O-O Nxe4 5. d4 Nd6 6. Bxc6 dxc6 7. dxe5 Nf5 8. Qxd8+ Kxd8 9. Nc3 h6 10. h3 a6 11. Bf4 Be6 12. Rad1+ Ke8 13. g4 Ne7 14. Nd4 Nd5 15. Nxe6 fxe6 16. Bd2 Nxc3 17. Bxc3 h5 18. Kg2 Be7 19. f4 hxg4 20. hxg4 g6 21. Rh1 Rf8 22. Rh6 Rxf4 23. Kg3 g5 24. Rxe6 Kf7 25. Rh6 Rf8 26. Rd3 Kg7 27. Re6 Kf7 28. Rh6 Kg7 29. Re6 Kf7 30. Rh6 Kg7 1/2-1/2

[Event "GER-ch 69th"]
[Site "Gladenbach"]
[Date "1997.11.19"]
[Round "3"]
[White "Lampe, Dirk"]
[Black "Rabiega, Robert"]
[Result "1-0"]
[WhiteElo "2295"]
[BlackElo "2490"]
[EventDate "1997.11.17"]
[PlyCount "73"]

1. e4 c5 2. Nf3 Nc6 3. d4 cxd4 4. Nxd4 Qb6 5. Nb3 Nf6 6. Nc3 e6 7. Bd3 d6 8. O-O a6 9. Be3 Qc7 10. f4 Be7 11. Qf3 b5 12. a3 Bb7 13. Rad1 O-O 14. g4 Rfe8 15. g5 Nd7 16. h4 b4 17. axb4 Nxb4 18. Qg3 Bf8 19. Rf2 Rad8 20. Bf1 Nc5 21. Nxc5 dxc5 22. Rxd8 Rxd8 23. h5 Bc8 24. Bc4 Qa5 25. g6 Qa1+ 26. Rf1 Qxb2 27. gxf7+ Kh8 28. Bc1 Qxc2 29. h6 Rd7 30. Bxe6 Rd8 31. f5 Qd3 32. Qxd3 Rxd3 33. Bxc8 Rg3+ 34. Kh1 Nd3 35. Bxa6 Nxc1 36. Rxc1 gxh6 37. f6 1-0

[Event "GER-ch 69th"]
[Site "Gladenbach"]
[Date "1997.11.19"]
[Round "3"]
[White "Mueller, Karsten"]
[Black "Gisbrecht, Ewgeni"]
[Result "1-0"]
[WhiteElo "2505"]
[BlackElo "2400"]
[EventDate "1997.11.17"]
[PlyCount "109"]

1. e4 c5 2. Nf3 Nf6 3. Nc3 d5 4. exd5 Nxd5 5. Bb5+ Nc6 6. Ne5 Qd6 7. d4 cxd4 8. Qxd4 Bd7 9. Qxd5 Qxe5+ 10. Qxe5 Nxe5 11. Bf4 Nc6 12. O-O-O O-O-O 13. Rhe1 e6 14. Ne4 Be7 15. Nd6+ Bxd6 16. Rxd6 Nb4 17. Bc4 Bc6 18. a3 Nd5 19. Rxd8+ Rxd8 20. Bg3 Re8 21. Bf1 g5 22. f3 a6 23. c4 Nf4 24. Kc2 e5 25. Kc3 f5 26. Bf2 h5 27. Be3 Kc7 28. b3 h4 29. Bc1 h3 30. gxh3 Bxf3 31. h4 Ng6 32. Bxg5 Bg4 33. h3 Bh5 34. Bg2 e4 35. Kd4 Kd7 36. Rf1 Ke6 37. Rf2 Rf8 38. Rd2 Rf7 39. Ke3 Rd7 40. Rxd7 Kxd7 41. Kd4 Kd6 42. Bf1 Ke6 43. c5 Ne5 44. Bf4 Nf3+ 45. Ke3 Nxh4 46. Bg3 Nf3 47. Bc4+ Kf6 48. Bd5 Bf7 49. Bxb7 Bxb3 50. Bxa6 Bd5 51. Kf4 Bc6 52. Bc8 Nd4 53. Bh4+ Kg6 54. Bf2 Ne2+ 55. Ke5 1-0

[Event "GER-ch 69th"]
[Site "Gladenbach"]
[Date "1997.11.19"]
[Round "3"]
[White "Puth, Dieter"]
[Black "Buhr, Carl Christian"]
[Result "0-1"]
[WhiteElo "2300"]
[BlackElo "2340"]
[EventDate "1997.11.17"]
[PlyCount "96"]

1. d4 d5 2. c4 dxc4 3. Nf3 Nf6 4. e3 e6 5. Bxc4 a6 6. O-O c5 7. Qe2 b5 8. Bd3 Bb7 9. Rd1 Nbd7 10. a3 Qc7 11. Nc3 Be7 12. e4 cxd4 13. Nxd4 O-O 14. Bg5 Rad8 15. Rac1 Qb8 16. Kh1 Ne5 17. Bb1 Ng6 18. Nf3 h6 19. Be3 Ng4 20. Bb6 Rc8 21. h3 N4e5 22. Nxe5 Nxe5 23. Bd4 Bg5 24. Be3 Bxe3 25. Qxe3 Nc4 26. Qe2 Qe5 27. Ba2 Rc7 28. a4 Nd6 29. axb5 axb5 30. f3 Rfc8 31. Qd2 Nc4 32. Bxc4 Rxc4 33. Ne2 f5 34. exf5 exf5 35. Rxc4 Rxc4 36. Nc3 b4 37. Na4 Kh7 38. Qd7 Bc6 39. Qa7 Qe2 40. Rg1 Rc2 41. Qa5 Bxa4 42. Qxa4 Rxb2 43. Qa5 Qd3 44. Qa1 Qc2 45. Qe1 b3 46. h4 Ra2 47. h5 f4 48. Qe6 Ra5 0-1

[Event "GER-ch 69th"]
[Site "Gladenbach"]
[Date "1997.11.19"]
[Round "3"]
[White "Teske, Henrik"]
[Black "Schmaltz, Roland"]
[Result "0-1"]
[WhiteElo "2515"]
[BlackElo "2445"]
[EventDate "1997.11.17"]
[PlyCount "72"]

1. c4 g6 2. Nc3 Bg7 3. g3 Nf6 4. Bg2 O-O 5. d4 d6 6. b3 c5 7. e3 Nc6 8. Nge2 cxd4 9. exd4 d5 10. cxd5 Nb4 11. Nf4 Bf5 12. O-O Nc2 13. Rb1 Rc8 14. Bb2 Qa5 15. Qd2 Nb4 16. a3 Na6 17. Rbc1 Bh6 18. Rfe1 Rfe8 19. Re5 Qb6 20. b4 Nh5 21. d6 Qxd6 22. Bxb7 Rcd8 23. Qe2 Nxf4 24. gxf4 Nc7 25. Ne4 Bxe4 26. Qxe4 Ne6 27. Rc6 Qb8 28. d5 Nxf4 29. Ba6 e6 30. dxe6 Rd1+ 31. Bf1 fxe6 32. Qf3 Qd8 33. Rec5 Qd2 34. Rc8 Rf8 35. Rxf8+ Bxf8 36. Rc8 Ne2+ 0-1

[Event "GER-ch 69th"]
[Site "Gladenbach"]
[Date "1997.11.19"]
[Round "3"]
[White "Wahls, Matthias"]
[Black "Lutz, Christopher"]
[Result "1/2-1/2"]
[WhiteElo "2595"]
[BlackElo "2590"]
[EventDate "1997.11.17"]
[PlyCount "75"]

1. e4 c5 2. Nf3 d6 3. d4 cxd4 4. Nxd4 Nf6 5. Nc3 a6 6. Be2 e5 7. Nb3 Be7 8. O-O O-O 9. Kh1 b6 10. Bg5 Nbd7 11. Nd5 Nxd5 12. Qxd5 Rb8 13. Bxe7 Qxe7 14. Rad1 Nf6 15. Qxd6 Qxd6 16. Rxd6 Nxe4 17. Rd5 Re8 18. f3 Nf6 19. Rd6 Bf5 20. c3 a5 21. Rfd1 Kf8 22. Nd2 b5 23. Nb3 Bc2 24. Ra1 a4 25. Nc5 Rbc8 26. Na6 a3 27. bxa3 Rxc3 28. Bxb5 Rec8 29. a4 e4 30. Nb4 exf3 31. gxf3 Rxf3 32. Rc1 Be4 33. Rxc8+ Ke7 34. Kg1 Kxd6 35. a5 Ra3 36. a6 Nd5 37. Rc6+ Ke5 38. Rc8 1/2-1/2

[Event "GER-ch 69th"]
[Site "Gladenbach"]
[Date "1997.11.19"]
[Round "3"]
[White "Walter, Guenter"]
[Black "Dobierzin, Olaf"]
[Result "1-0"]
[WhiteElo "2305"]
[BlackElo "2180"]
[EventDate "1997.11.17"]
[PlyCount "65"]

1. d4 Nf6 2. c4 g6 3. Nc3 Bg7 4. e4 d6 5. h3 O-O 6. Bg5 h6 7. Be3 e5 8. d5 a5 9. Bd3 Na6 10. Nge2 Nc5 11. Bc2 Bd7 12. Qd2 Kh7 13. g4 Ng8 14. Ng3 Bf6 15. O-O-O Bh4 16. Kb1 a4 17. Rdg1 Qe7 18. Rg2 Rfb8 19. Nge2 Bg5 20. Bxg5 Qxg5 21. f4 exf4 22. h4 Qe5 23. Nd4 Re8 24. Nf3 Qe7 25. g5 h5 26. Qxf4 Bc8 27. Rf2 a3 28. e5 Bg4 29. exd6 cxd6 30. Nd4 axb2 31. Qxf7+ Qxf7 32. Rxf7+ Kh8 33. Bxg6 1-0

[Event "GER-ch 69th"]
[Site "Gladenbach"]
[Date "1997.11.19"]
[Round "3"]
[White "Zude, Arno"]
[Black "Schmittdiel, Eckhard"]
[Result "1-0"]
[WhiteElo "2395"]
[BlackElo "2450"]
[EventDate "1997.11.17"]
[PlyCount "101"]

1. e4 c5 2. Nf3 Nc6 3. d4 cxd4 4. Nxd4 e5 5. Nb5 d6 6. N1c3 a6 7. Na3 b5 8. Nd5 Nce7 9. c4 Nxd5 10. exd5 Nf6 11. cxb5 Be7 12. Bc4 O-O 13. O-O axb5 14. Nxb5 Nd7 15. b3 Nb6 16. a4 Ba6 17. Ba3 f5 18. Qe2 Kh8 19. Rfd1 Nxc4 20. bxc4 Qd7 21. Bb4 Rfc8 22. Rac1 h6 23. h3 Bb7 24. Qa2 Ba6 25. Qa3 Rxc4 26. Rxc4 Bxb5 27. Rc3 Rxa4 28. Qb2 Bf6 29. Ra3 e4 30. Bc3 Rxa3 31. Qxa3 Qe7 32. Qb2 Bxc3 33. Qxc3 Kh7 34. Qd4 Bd3 35. Ra1 Qg5 36. Ra7 f4 37. Kh2 Qg6 38. Re7 e3 39. Qxf4 e2 40. g4 Kg8 41. Qe3 Bc4 42. Re8+ Kh7 43. Qe4 Qxe4 44. Rxe4 g5 45. Kg3 Kg6 46. f3 Bxd5 47. Rxe2 Kf6 48. Re8 Be6 49. Rh8 Kg7 50. Rd8 d5 51. Kf2 1-0

[Event "GER-ch 69th"]
[Site "Gladenbach"]
[Date "1997.11.19"]
[Round "3"]
[White "Zude, Erik"]
[Black "Paehtz, Thomas Jr"]
[Result "1-0"]
[WhiteElo "2365"]
[BlackElo "2135"]
[EventDate "1997.11.17"]
[PlyCount "75"]

1. e4 c5 2. Nf3 Nc6 3. d4 cxd4 4. Nxd4 Nf6 5. Nc3 d6 6. Be2 g6 7. Bg5 Bg7 8. Nb3 O-O 9. O-O a5 10. a4 Be6 11. f4 Rc8 12. Kh1 Qb6 13. f5 Bxb3 14. cxb3 Qd4 15. Qe1 Ne5 16. Bb5 h6 17. Bxf6 Bxf6 18. Nd5 Qxb2 19. Rb1 Qd4 20. Rd1 Qc5 21. Qg3 g5 22. Qe1 b6 23. Qd2 Kg7 24. Rc1 Qa3 25. Rb1 g4 26. Nxb6 Bg5 27. Qe2 Rc3 28. Nc4 Nxc4 29. Bxc4 h5 30. e5 dxe5 31. Qxe5+ Bf6 32. Qxa5 Qa2 33. Qd5 Rc2 34. Rbd1 h4 35. Qe4 g3 36. Qg4+ Kh6 37. Bxf7 Rg8 38. Bxg8 1-0

[Event "GER-ch 69th"]
[Site "Gladenbach"]
[Date "1997.11.20"]
[Round "4"]
[White "Bastian, Herbert"]
[Black "Gietl, Thomas"]
[Result "0-1"]
[WhiteElo "2375"]
[BlackElo "2300"]
[EventDate "1997.11.17"]
[PlyCount "100"]

1. e4 d6 2. d4 Nf6 3. Nc3 g6 4. Nf3 Bg7 5. Be2 O-O 6. O-O c6 7. a4 a5 8. Re1 Qc7 9. Bf4 Bg4 10. Qd2 Bxf3 11. Bxf3 e5 12. Be3 Na6 13. Rad1 Rad8 14. Qc1 Rfe8 15. d5 Nb4 16. Bg5 h6 17. Bxh6 Bxh6 18. Qxh6 Nxc2 19. Rf1 Nd4 20. Rd3 Qe7 21. Bd1 Qf8 22. Qh4 Nd7 23. f4 Qe7 24. Qf2 Nc5 25. Rg3 exf4 26. Qxf4 Rd7 27. Bg4 Rc7 28. Bf5 Qe5 29. Qg4 Nxf5 30. exf5 cxd5 31. fxg6 f6 32. Qh4 Ne4 33. Nxe4 dxe4 34. Rh3 f5 35. Qh6 Qg7 36. Qg5 e3 37. Re1 Qd4 38. Qxf5 e2+ 39. Qf2 Qxb2 40. Rh7 Rxh7 41. gxh7+ Kh8 42. g4 Qe5 43. h4 Re7 44. Qf3 Kxh7 45. Kg2 d5 46. g5 Kg6 47. Kh3 d4 48. h5+ Kg7 49. h6+ Kg6 50. Kg2 Qxg5+ 0-1

[Event "GER-ch 69th"]
[Site "Gladenbach"]
[Date "1997.11.20"]
[Round "4"]
[White "Buhr, Carl Christian"]
[Black "Schaller, Sven"]
[Result "1/2-1/2"]
[WhiteElo "2340"]
[BlackElo "2315"]
[EventDate "1997.11.17"]
[PlyCount "80"]

1. d4 d5 2. c4 e6 3. Nc3 f5 4. Bf4 c6 5. e3 Nf6 6. Bd3 Be7 7. Qc2 Bd7 8. Nge2 O-O 9. f3 dxc4 10. Bxc4 b5 11. Bd3 Nd5 12. Nxd5 cxd5 13. O-O Qb6 14. Qc7 Qxc7 15. Bxc7 Na6 16. Bg3 Nb4 17. Bb1 Rac8 18. Nc3 a6 19. Rc1 Bg5 20. Kf2 f4 21. Bxf4 Bxf4 22. exf4 Rxf4 23. a3 Nc6 24. Ne2 Rh4 25. Kg3 g5 26. Rd1 Kg7 27. b3 Na5 28. Rd3 Be8 29. Re3 Kf6 30. Ra2 Nc6 31. Rd2 Ne7 32. h3 Bg6 33. Bd3 Bxd3 34. Rdxd3 Ng6 35. Rc3 Rxc3 36. Nxc3 Ne7 37. Kf2 Nc6 38. Ne2 Na5 39. Rd3 Ke7 40. Kg3 Rh6 1/2-1/2

[Event "GER-ch 69th"]
[Site "Gladenbach"]
[Date "1997.11.20"]
[Round "4"]
[White "Dittmar, Peter"]
[Black "Kindermann, Stefan"]
[Result "0-1"]
[WhiteElo "2325"]
[BlackElo "2570"]
[EventDate "1997.11.17"]
[PlyCount "96"]

1. d4 Nf6 2. c4 g6 3. Nc3 Bg7 4. Nf3 d6 5. Bf4 O-O 6. e3 Nc6 7. Be2 Nh5 8. Bg5 h6 9. Bh4 g5 10. Nd2 Nf4 11. exf4 gxh4 12. Nb3 e5 13. fxe5 dxe5 14. dxe5 Qg5 15. Qd2 Bxe5 16. Qxg5+ hxg5 17. O-O a5 18. Na4 Nd4 19. Nxd4 Bxd4 20. Rad1 Rd8 21. Bf3 c6 22. Rd2 Bf5 23. Rfd1 Bf6 24. Nc5 Rxd2 25. Rxd2 Re8 26. g4 h3 27. Kf1 Bc8 28. Ne4 Be5 29. Re2 Rd8 30. Nxg5 Rd1+ 31. Re1 Rxe1+ 32. Kxe1 f5 33. gxf5 Bxf5 34. Be4 Bg4 35. Nf3 Bxb2 36. Kd2 Kg7 37. Ke3 Kf6 38. Kf4 Be6 39. Bd3 a4 40. Bf1 a3 41. Ke3 b5 42. cxb5 cxb5 43. Bxb5 Bxa2 44. Bd3 Bc1+ 45. Ke2 Be6 46. Bb1 Bg4 47. Ba2 Bf4 48. Bb1 Ke7 0-1

[Event "GER-ch 69th"]
[Site "Gladenbach"]
[Date "1997.11.20"]
[Round "4"]
[White "Gisbrecht, Ewgeni"]
[Black "Zude, Erik"]
[Result "1-0"]
[WhiteElo "2400"]
[BlackElo "2365"]
[EventDate "1997.11.17"]
[PlyCount "133"]

1. Nf3 Nf6 2. g3 g6 3. Bg2 Bg7 4. O-O O-O 5. c4 d6 6. d4 Nc6 7. Nc3 a6 8. d5 Na5 9. Nd2 Nd7 10. Qc2 Ne5 11. b3 c6 12. Bb2 cxd5 13. Nxd5 Be6 14. Bc3 Bxd5 15. Bxd5 Nd7 16. Bxg7 Kxg7 17. Nb1 Nc6 18. Qb2+ Kg8 19. Nc3 Nf6 20. Bg2 Qa5 21. Rfd1 Qe5 22. Qd2 Rac8 23. Rac1 Kg7 24. Nd5 Ne4 25. Qe3 Nc5 26. Qxe5+ dxe5 27. Nb6 Rcd8 28. Rd5 Ne6 29. Rcd1 Ned4 30. Kf1 e6 31. Rxd8 Rxd8 32. e3 Nf5 33. Rd7 Rxd7 34. Nxd7 Nfe7 35. Nc5 Nb4 36. Bxb7 a5 37. a4 Kf8 38. Nd7+ Ke8 39. Nxe5 f6 40. Nf3 Na2 41. Ke1 Kd7 42. Kd2 Kd6 43. Be4 Nb4 44. Kc3 Na2+ 45. Kb2 Nb4 46. Ne1 Ke5 47. Bb1 Kd6 48. Kc3 Nec6 49. Nf3 Ne5 50. Nxe5 Kxe5 51. f4+ Kd6 52. Be4 Na2+ 53. Kd4 e5+ 54. fxe5+ fxe5+ 55. Kd3 Nb4+ 56. Kc3 Na6 57. h4 Kc5 58. h5 gxh5 59. Bxh7 Nc7 60. Bg6 Ne6 61. Bxh5 Ng5 62. Bg6 Nh3 63. Bf5 Ng5 64. g4 Nh3 65. Kd3 Ng5 66. Ke2 Kb4 67. Kf2 1-0

[Event "GER-ch 69th"]
[Site "Gladenbach"]
[Date "1997.11.20"]
[Round "4"]
[White "Luther, Thomas"]
[Black "Heinemann, Thies"]
[Result "1-0"]
[WhiteElo "2525"]
[BlackElo "2450"]
[EventDate "1997.11.17"]
[PlyCount "101"]

1. e4 c5 2. Nf3 d6 3. d4 cxd4 4. Nxd4 Nf6 5. Nc3 a6 6. Bg5 e6 7. f4 Qc7 8. Qf3 Nc6 9. O-O-O Bd7 10. Bxf6 gxf6 11. Kb1 O-O-O 12. Nxc6 Bxc6 13. f5 Be7 14. Bc4 Bd7 15. Bb3 Qa5 16. Ne2 Qe5 17. Nf4 Rde8 18. Rhe1 Bd8 19. Nd3 Qa5 20. Qh5 exf5 21. exf5 Qxf5 22. Qxf7 Rhf8 23. Qc4+ Kb8 24. Qd4 Bc7 25. Bd5 Rxe1 26. Rxe1 Re8 27. Rxe8+ Bxe8 28. a3 Bc6 29. Bxc6 bxc6 30. g4 Qf1+ 31. Ka2 d5 32. Qa4 Kb7 33. Qb4+ Kc8 34. Qf8+ Kb7 35. Qb4+ Kc8 36. Qf8+ Kb7 37. h4 Qe2 38. Qb4+ Bb6 39. Nc5+ Ka7 40. Nd7 Bc7 41. Qc5+ Kb7 42. Nxf6 h6 43. g5 hxg5 44. hxg5 Qg2 45. Qb4+ Ka7 46. Qe7 Kb8 47. Nd7+ Kb7 48. Nc5+ Kb6 49. Ne6 Bh2 50. Qb4+ Ka7 51. Nd8 1-0

[Event "GER-ch 69th"]
[Site "Gladenbach"]
[Date "1997.11.20"]
[Round "4"]
[White "Lutz, Christopher"]
[Black "Gutman, Lev"]
[Result "1/2-1/2"]
[WhiteElo "2590"]
[BlackElo "2475"]
[EventDate "1997.11.17"]
[PlyCount "58"]

1. e4 c5 2. Nf3 d6 3. d4 cxd4 4. Nxd4 Nf6 5. Nc3 a6 6. Be2 Bd7 7. O-O Bc6 8. Nxc6 Nxc6 9. Be3 e6 10. f4 Be7 11. Bf3 O-O 12. Qe2 Rc8 13. Rad1 Qc7 14. Qf2 b5 15. a3 Qb8 16. Kh1 b4 17. axb4 Qxb4 18. Bc1 a5 19. Qg3 Nd4 20. e5 dxe5 21. fxe5 Nd7 22. Be4 f5 23. exf6 Nxf6 24. Bd3 Rf7 25. Qh3 Rcf8 26. Rf4 g6 27. Rff1 Nf5 28. Rf4 Nd4 29. Rff1 Nf5 1/2-1/2

[Event "GER-ch 69th"]
[Site "Gladenbach"]
[Date "1997.11.20"]
[Round "4"]
[White "Paehtz, Thomas Jr"]
[Black "Seger, Ruediger"]
[Result "0-1"]
[WhiteElo "2135"]
[BlackElo "2340"]
[EventDate "1997.11.17"]
[PlyCount "50"]

1. e4 c6 2. d4 d5 3. exd5 cxd5 4. c4 Nf6 5. Nc3 e6 6. cxd5 Nxd5 7. Nf3 Bb4 8. Bd2 Nc6 9. Bd3 O-O 10. O-O Be7 11. Qe2 Nf6 12. Ne4 Qb6 13. a3 Bd7 14. Be3 Nd5 15. Ne5 Be8 16. Nc4 Qd8 17. Rac1 Bf6 18. Nxf6+ Qxf6 19. Ne5 Rd8 20. Qh5 g6 21. Qg4 Nxe5 22. dxe5 Nxe3 23. fxe3 Qxe5 24. Bc4 Qxe3+ 25. Kh1 Rd4 0-1